000 00381nam a22001697a 4500
999 _c11759
_d11759
003 OSt
008 230127b ||||| |||| 00| 0 eng d
020 _a9789332560093
082 _a174.4 VEB
100 _aVELASQUEZ,Manuel G
245 _aBusiness Ethics
250 _a7th Ed
260 _aUP
_bPearson
_c2020
300 _a495
650 _aBusiness Ethics
942 _2ddc
_cREF